000 00859cam a2200217 4500
001 ABS65909
008 020917n2002 000 0 eng u
035 _a(Sirsi) u119728
100 _aMattson-Teig, B
245 _aMid-year market report
260 _c2002
490 _aNational Real Estate Investor
_v July 2002, 16-22(5)
520 _aExamines the current position of the US commercial property market, as buyers look for lower prices to sustain cap rates on properties that are generating lower returns, and sellers are holding out for better pricing, convinced that the economy is about to rally, justifying their demands. Tables. Graphs.
590 _aABS
650 _aREAL ESTATE
650 _aPROPERTY MARKETS
650 _aMARKETS
650 _aUSA
690 _aPROPERTY-COMMERCIAL PROPERTY-COMMERCIAL PROPERTY MARKET
942 _n0
999 _c71162
_d71162